Rural developement. : (Record no. 987)

MARC details
000 -LEADER
fixed length control field 00519cam a2200193ua 4500
008 - FIXED-LENGTH DATA ELEMENTS--GENERAL INFORMATION
fixed length control field 110427n ii |||gr||||Z||||||eng
020 ## - INTERNATIONAL STANDARD BOOK NUMBER
International Standard Book Number 81-7036-772-7
040 ## - CATALOGING SOURCE
Transcribing agency MAIN
082 ## - DEWEY DECIMAL CLASSIFICATION NUMBER
Classification number 343.0745
245 1# - TITLE STATEMENT
Title Rural developement. :
Remainder of title Principles, politics and management. /
Statement of responsibility, etc. By Katar Singh.
250 ## - EDITION STATEMENT
Edition statement 1st.
260 ## - PUBLICATION, DISTRIBUTION, ETC.
Place of publication, distribution, etc. New Delhi.:
Name of publisher, distributor, etc. Sage publications.,986.
300 ## - PHYSICAL DESCRIPTION
Extent 353 p.:
Dimensions 24 cm.
700 ## - ADDED ENTRY--PERSONAL NAME
Personal name Singh, Katar.,
942 ## - ADDED ENTRY ELEMENTS (KOHA)
Koha item type Books
653 ## - INDEX TERM--UNCONTROLLED
Uncontrolled term Political science.
653 ## - INDEX TERM--UNCONTROLLED
Uncontrolled term Rural developement.
Holdings
Withdrawn status Lost status Damaged status Not for loan Home library Current library Shelving location Date acquired Total Checkouts Full call number Barcode Date last seen Copy number Price effective from Koha item type Date last checked out
        Central Library, Naharkatiya College Central Library, Naharkatiya College General Stacks 19/09/2020   343.0745 | SIN 17567 19/09/2020 1 19/09/2020 Books  
        Central Library, Naharkatiya College Central Library, Naharkatiya College General Stacks 19/09/2020 1 343.0745 | SIN 19029 04/08/2023 2 19/09/2020 Books 30/06/2023

Naharkatiya College © 2020. All rights reserved.

Powered By